Library Banner

تاریخ کیا سکھاتی ہے؟ (Record no. 81270)

MARC details
000 -LEADER
fixed length control field 00397nam a22001457a 4500
005 - DATE AND TIME OF LATEST TRANSACTION
control field 20160108110418.0
008 - FIXED-LENGTH DATA ELEMENTS--GENERAL INFORMATION
fixed length control field 160108b xxu||||| |||| 00| 0 eng d
040 ## - CATALOGING SOURCE
Transcribing agency PK-LaUMT
082 ## - DEWEY DECIMAL CLASSIFICATION NUMBER
Classification number MMC 901.9
Item number WIL-T
100 ## - MAIN ENTRY--PERSONAL NAME
Personal name ول ڈیورانٹ
245 ## - TITLE STATEMENT
Title تاریخ کیا سکھاتی ہے؟
Statement of responsibility, etc ول ڈیورانٹ
260 ## - PUBLICATION, DISTRIBUTION, ETC. (IMPRINT)
Place of publication, distribution, etc لاہور
Name of publisher, distributor, etc تخلیقات
Date of publication, distribution, etc 2004
300 ## - PHYSICAL DESCRIPTION
Extent 136 ص
942 ## - ADDED ENTRY ELEMENTS (KOHA)
Koha item type Books
Holdings
Withdrawn status Lost status Damaged status Home library Current library Date acquired Full call number Barcode Date last seen Price effective from Koha item type
      UMT Main Campus UMT Main Campus 2016-01-08 MMC 901.9 WIL-T 95759 2016-05-03 2016-01-08 Books